000 00599nam a22002417a 4500
003 UA-OsUOA
001 82543
007 ta
008 20120312b un ||||| |||| 00| 0 ukr d
100 _aЕвдокимов П.
090 _a281.93
_bЕ15
942 _cBK
040 _aUA-OsUOA
_brus
_cUA-OsUOA
_dUA-OsUOA
245 _aПравославие
300 _a500 с.
955 _a2
041 _arus
080 _a281.93
020 _a978-5-89647-290-2
260 _aМ.
_bББИ
_c2012
650 7 _a281.93 Російська православна церква
_2UDC
999 _c368863
_d368863